LEADER 00978nam0-2200313---450- 001 990009430490403321 005 20110922142925.0 035 $a000943049 035 $aFED01000943049 035 $a(Aleph)000943049FED01 035 $a000943049 100 $a20110922d1973----km-y0itay50------ba 101 0 $aita 102 $aIT 105 $ay-------000yy 200 1 $aRagioni e fondamenti scientifici della educazione sessuale dei giovanissimi$fGiuseppe Catalano 210 $aFirenze$cLe monnier$d1973 215 $a10 p.$d24 cm 300 $aEstr. da: Le scienze, fasc. 1-2, 1973 610 0 $aGiovani$aEducazione sessuale 676 $a612.6 700 1$aCatalano,$bGiuseppe$f<1888-1981>$0492715 801 0$aIT$bUNINA$gRICA$2UNIMARC 901 $aBK 912 $a990009430490403321 952 $a60 DONO CATALANO 92$b13385$fFAGBC 959 $aFAGBC 996 $aRagioni e fondamenti scientifici della educazione sessuale dei giovanissimi$9760306 997 $aUNINA LEADER 02336cam0-2200613---450- 001 990005462060403321 005 20130220130651.0 035 $a000546206 035 $aFED01000546206 035 $a(Aleph)000546206FED01 035 $a000546206 100 $a19990604g19601978km-y0itay50------ba 101 0 $aita 102 $aIT 105 $ay-------001yy 200 1 $aDal Muratori al Cesarotti 210 $aMilano ; Napoli$cRiccardo Ricciardi$d1960-1978 215 $av.$d23 cm 225 1 $a<>letteratura italiana$iStoria e testi$v44 327 0 $a1.,1-2.: Opere di Lodovico Antonio Muratori / a cura di Giorgio Falco e Fiorenzo Forti. - 1964$a4.: Critici e storici : della poesia e delle arti nel secondo Settecento / a cura di Emilio Bigi. - 1960$a5.: Politici ed economisti del primo Settecento / a cura di R. Ajello, M. Berengo, A. Caracciolo ... [et al.]. - 1978 610 0 $aLetteratura italiana$aSec. 18.$aAntologie 610 0 $aScrittori politici italiani$aSec. 18$aAntologie 610 0 $aCritica artistica$aItalia$aSec. 18.$aTesti$aAntologie 676 $a858.60808 676 $a945.074 702 1$aMuratori,$bLodovico Antonio$f<1672-1750> 702 1$aAjello,$bRaffaele 702 1$aBigi,$bEmilio$f<1916-2009> 702 1$aBerengo,$bMarino$f<1928-2000> 702 1$aFalco,$bGiorgio$f<1888-1966> 702 1$aForti,$bFiorenzo 702 1$aCaracciolo,$bAlberto$f<1926-2002> 801 0$aIT$bUNINA$gRICA$2UNIMARC 901 $aBK 912 $a990005462060403321 952 $a858.608 RIC 1(1;1)$bBibl.38544$fFLFBC 952 $a858.608 RIC 1(1;2)$bBibl.33953$fFLFBC 952 $a858.608 RIC 1(1;1BIS)$bIst.f.m.23925$fFLFBC 952 $a858.608 RIC 1(1;2BIS)$bIst.f.m.23925$fFLFBC 952 $a858.608 RIC 1(4)$bBibl.33953$fFLFBC 952 $a858.608 RIC 1(5)$bIst.f.m.30888$fFLFBC 952 $a858.608 RIC 1(4BIS)$bIst.st.med.mod.9548$fFLFBC 952 $a858.608 RIC 1(5BIS)$bIst.st.med.mod.9549$fFLFBC 952 $aBIB. BAT.3333(44-4)$fBAT 952 $aBIB. BAT.3333(44-2)$fBAT 952 $aBIB. BAT.3333(44-1)$fBAT 952 $aCOLLEZ. 574 (44)$b12219$fFSPBC 952 $aSDI-2KG 30 (I)$bs.i.$fSDI 959 $aFLFBC 959 $aFSPBC 959 $aSDI 959 $aBAT 996 $aDal Muratori al Cesarotti$9588472 997 $aUNINA